banner-ar

تهذيب سير اعلام النبلاء / (Record no. 62048)

MARC details
000 -الفاتح
حقل البيانات ثابتة الطول 00918nam a2200253Ia 4500
005 - وقت وتاريخ اخر تعامل مع التسجيلة
رقم الضبط 20240530110529.0
008 - عناصر البيانات ثابتة الطول - معلومات عامة
حقل البيانات ثابتة الطول 140319s9999 xx 000 0 ara d
040 ## - مصدر الفهرسة
وكالة الفهرسة الأصلية GCL /
وكالة النسخ GCL
082 04 - رقم تصنيف ديوى العشرى
رقم الطبعة 21
رقم التصنيف 923.2\
رقم المادة ذ ت
100 1# - المدخل الرئيسى - إسم شخصى
الإسم الشخصى الذهبى ، شمس الدين محمد بن احمد بن عثمان .
245 10 - بيان العنوان
العنوان تهذيب سير اعلام النبلاء /
بيان المسئوليه,etc شمس الدين محمد بن احمد بن عثمان الذهبى .
250 ## - بيان الطبعة
بيان الطبعة الثانية
260 ## - PUBLICATION, DISTRIBUTION, ETC. (IMPRINT)
تاريخ النشر أو التوزيع 1992
300 ## - الوصف المادى
التعداد 1037 ص ؛
أبعاد الوعاء 25 سم
490 ## - بيان السلسلة
عنوان السلسلة شكاوى المصرى الفصيح
رقم المجلد/ التعيين التسلسلي 0
650 04 - المدخل الاضافى بالموضوع-مصطلح موضوعى
مصطلح موضوعي الانساب العربية
650 04 - المدخل الاضافى بالموضوع-مصطلح موضوعى
مصطلح موضوعي اعلام العرب
650 04 - المدخل الاضافى بالموضوع-مصطلح موضوعى
مصطلح موضوعي النبلاء
650 04 - المدخل الاضافى بالموضوع-مصطلح موضوعى
مصطلح موضوعي الحضارة الاسلامية
650 04 - المدخل الاضافى بالموضوع-مصطلح موضوعى
مصطلح موضوعي الانساب والاعراق
700 1# - المدخل الاضافى - اسم شخصى
الإسم الشخصى احمد فايز الحمصى
942 ## - عناصر المدخل الإضافي( كوها)
مصدر التصنيف او مخطط الترفيف Dewey Decimal Classification
Koha [default] item type المراجع
260 ## - PUBLICATION, DISTRIBUTION, ETC. (IMPRINT)
-- بيروت :
-- مؤسسة الرسالة ،
Holdings
حالة التراجع حالة الفقد مصدر التصنيف او خطة الترفيف حالة تلف ليس للاعارة المكان المؤقت الموقع الحالى تاريخ الاكتساب اجمالي اﻻعارات رقم الطلب الباركود تاريخ اخر مشاهدة تاريخ تفعيل السعر نوع وعاء كوها
    ddc     مكتبة القاهرة الكبرى مكتبة القاهرة الكبرى 03/13/2016   923.2\ ذ ت 161544 03/13/2016 03/13/2016 المراجع
    ddc     مكتبة القاهرة الكبرى مكتبة القاهرة الكبرى 03/13/2016   923.2\ ذ ت 161545 03/13/2016 03/13/2016 المراجع
    ddc     مكتبة القاهرة الكبرى مكتبة القاهرة الكبرى 03/13/2016   923.2\ ذ ت 161546 03/13/2016 03/13/2016 المراجع
    ddc     مكتبة القاهرة الكبرى مكتبة القاهرة الكبرى 03/13/2016   923.2\ ذ ت 161547 03/13/2016 03/13/2016 المراجع
    ddc     مكتبة القاهرة الكبرى مكتبة القاهرة الكبرى 03/13/2016   923.2\ ذ ت 161548 03/13/2016 03/13/2016 المراجع
    ddc     مكتبة القاهرة الكبرى مكتبة القاهرة الكبرى 03/13/2016   923.2\ ذ ت 161549 03/13/2016 03/13/2016 المراجع
    ddc     مكتبة القاهرة الكبرى مكتبة القاهرة الكبرى 03/13/2016   923.2\ ذ ت 161550 03/13/2016 03/13/2016 المراجع

Powered By

EGPV